000
00298nam a22001337a 4500
008
181122b xxu||||| |||| 00| 0 eng d
020
_a
1879736004
041
_a
eng
080
_a
070
100
_a
40
101
_a
MED
245
_a
The Disuniting of America
_c
Schlesinger,A.M
942
_2
udc
_c
BK
999
_c
52356
_d
52356